طرق التحليل العددي المبرمج بلغة بيسك / (رقم التسجيلة. 26065)

تفاصيل مارك
000 -الفاتح
حقل البيانات ثابتة الطول 00869cam a22002411a 4500
003 - محدد رقم الضبط
رقم الضبط OSt
005 - وقت وتاريخ اخر تعامل مع التسجيلة
رقم الضبط 20150408114100.0
008 - عناصر البيانات ثابتة الطول - معلومات عامة
حقل البيانات ثابتة الطول 030319s1999 jo a g b 00000 ara c
040 ## - مصدر الفهرسة
وكالة الفهرسة الأصلية MU
لغة الفهرسة ara
وكالة النسخ MB
082 04 - رقم تصنيف ديوى العشرى
رقم التصنيف 005.13
رقم الطبعة 21
100 1# - المدخل الرئيسى - إسم شخصى
الإسم الشخصى منصور، عوض
9 (RLIN) 4329
245 10 - بيان العنوان
العنوان طرق التحليل العددي المبرمج بلغة بيسك /
بيان المسئوليه,etc تأليف عوض منصور، عزام صبري.
250 ## - بيان الطبعة
بيان الطبعة ط. 1.
260 ## - PUBLICATION, DISTRIBUTION, ETC. (IMPRINT)
مكان الناشر او الموزع عمان، الأردن :
اسم الناشر او الموزع دار صفاء للنشر والتوزيع،
تاريخ النشر أو التوزيع 1999
300 ## - الوصف المادى
التعداد 189 ص. :
تفاصيل ماديه اخرى للوعاء إيض. ؛
أبعاد الوعاء 24 سم.
504 ## - تبصرة ببليوجرافية
تبصرة ببليوجرافية,الخ ببليوجرافية : ص. 183-184.
590 ## - تبصرة محلية(RLIN)
تبصرة محلية حمد.
650 #7 - المدخل الاضافى بالموضوع-مصطلح موضوعى
مصطلح موضوعي أو اسم جغرافي كعنصر مدخل بيسك (لغة برمجة)
مصدر الرأس أو المصطلح aucsh
650 #7 - المدخل الاضافى بالموضوع-مصطلح موضوعى
مصطلح موضوعي أو اسم جغرافي كعنصر مدخل البرمجة (حاسبات إلكترونية)
مصدر الرأس أو المصطلح aucsh
650 #7 - المدخل الاضافى بالموضوع-مصطلح موضوعى
مصطلح موضوعي أو اسم جغرافي كعنصر مدخل التحليل العددي
مصدر الرأس أو المصطلح aucsh
700 1# - المدخل الاضافى - اسم شخصى
الإسم الشخصى صبري، عزام
942 ## - عناصر المدخل الإضافي( كوها)
مصدر التصنيف او مخطط الترفيف Dewey Decimal Classification
Koha [default] item type كتاب
المقتنيات
حالة الفقد نموذج السعر الفعال حالة تلف ليس للاعارة رقم الطلب تاريخ الاكتساب الموقع الحالي الباركود الفرع الرئيسي Date last seen نوع المادة فى نظام كوها مصدر التصنيف او خطة الترفيف Total Checkouts
  2013-03-10     005.13 م ع ط 2012-10-18 مكتبة كلية العلوم و الدراسات الإنسانية برماح - طلاب (SRM) 00095184 مكتبة كلية العلوم و الدراسات الإنسانية برماح - طلاب (SRM) 2013-03-10 كتاب Dewey Decimal Classification  
  2013-03-10     005.13 م ع ط 2012-10-18 مكتبة كلية العلوم و الدراسات الإنسانية برماح - طلاب (SRM) 00095183 مكتبة كلية العلوم و الدراسات الإنسانية برماح - طلاب (SRM) 2013-03-10 كتاب Dewey Decimal Classification  
  2013-03-10     005.13 م ع ط 2012-10-18 مكتبة كلية العلوم و الدراسات الإنسانية برماح - طلاب (SRM) 00095182 مكتبة كلية العلوم و الدراسات الإنسانية برماح - طلاب (SRM) 2013-03-10 كتاب Dewey Decimal Classification  
  2013-03-10     005.13 م ع ط 2012-10-18 مكتبة كلية العلوم و الدراسات الإنسانية برماح - طلاب (SRM) 00095181 مكتبة كلية العلوم و الدراسات الإنسانية برماح - طلاب (SRM) 2013-03-10 كتاب Dewey Decimal Classification  
  2013-03-10     005.13 م ع ط 2012-10-18 مكتبة كلية العلوم و الدراسات الإنسانية برماح - طلاب (SRM) 00095180 مكتبة كلية العلوم و الدراسات الإنسانية برماح - طلاب (SRM) 2013-03-10 كتاب Dewey Decimal Classification  
  2013-03-10     005.13 م ع ط 2012-10-18 مكتبة كلية العلوم و الدراسات الإنسانية برماح - طلاب (SRM) 00095179 مكتبة كلية العلوم و الدراسات الإنسانية برماح - طلاب (SRM) 2013-03-10 كتاب Dewey Decimal Classification